000 00803nam a2200253 i 4500
001 6956
003 ES-MaACL
005 20230906145129.0
007 t|
008 900713s1985 sp ||||1| spa d
020 _a84-345-8386-0
080 _a523.2
100 1 _aKeppler, Erhard.
_967882
245 1 0 _aSol, lunas y planetas /
_cErhard Keppler.
260 _aBarcelona :
_bSalvat,
_cD.L. 1985.
300 _aV, 277 p., [14] p. de lam. :
_bil. ;
_c19 cm.
490 1 _aBiblioteca científica Salvat ;
_v17
504 _aBibliogr.: p. 269.
650 _aAstronomía-
_vObras de divulgación.
_910390
650 1 4 _aCosmología-
_vObras de divulgación.
_911392
830 0 _aBiblioteca científica Salvat ;
_v17
_9177703
852 _aES-MaACL
_jL-14105
_bR.117693
_z. - rust.
999 _c6956
_d6956